<?xml version="1.0" encoding="UTF-8"?>
<record
    xmlns:xsi="http://www.w3.org/2001/XMLSchema-instance"
    xsi:schemaLocation="http://www.loc.gov/MARC21/slim http://www.loc.gov/standards/marcxml/schema/MARC21slim.xsd"
    xmlns="http://www.loc.gov/MARC21/slim">

  <leader>01936nam0a2200313   4500</leader>
  <controlfield tag="001">RU\NLR\bibl\1925272</controlfield>
  <controlfield tag="005">20250616201828.0</controlfield>
  <datafield tag="010" ind1=" " ind2=" ">
    <subfield code="a">5-7420-0483-4</subfield>
  </datafield>
  <datafield tag="035" ind1=" " ind2=" ">
    <subfield code="a">(NLR Aleph) 001914688</subfield>
  </datafield>
  <datafield tag="090" ind1=" " ind2=" ">
    <subfield code="a">3223942</subfield>
    <subfield code="c">3223942</subfield>
  </datafield>
  <datafield tag="100" ind1=" " ind2=" ">
    <subfield code="a">20120716d1990    |||y0rusy50      ca</subfield>
  </datafield>
  <datafield tag="101" ind1="0" ind2=" ">
    <subfield code="a">rus</subfield>
  </datafield>
  <datafield tag="102" ind1=" " ind2=" ">
    <subfield code="a">RU</subfield>
  </datafield>
  <datafield tag="105" ind1=" " ind2=" ">
    <subfield code="a">y   |||||||||</subfield>
  </datafield>
  <datafield tag="200" ind1="1" ind2=" ">
    <subfield code="a">&#x410;&#x43D;&#x435;&#x43A;&#x434;&#x43E;&#x442;&#x44A; &#x441; &#x433;&#x43E;&#x441;&#x443;&#x434;&#x430;&#x440;&#x435;&#x432;&#x430; &#x434;&#x432;&#x43E;&#x440;&#x430; &#x438;&#x43B;&#x438; 150 &#x438;&#x441;&#x442;&#x43E;&#x440;&#x438;&#x447;&#x435;&#x441;&#x43A;&#x438;&#x445; &#x430;&#x43D;&#x435;&#x43A;&#x434;&#x43E;&#x442;&#x43E;&#x432; &#x438;&#x437; &#x436;&#x438;&#x437;&#x43D;&#x438; &#x440;&#x443;&#x441;&#x441;&#x43A;&#x438;&#x445; &#x433;&#x43E;&#x441;&#x443;&#x434;&#x430;&#x440;&#x435;&#x439; XVII-XIX &#x432;&#x435;&#x43A;&#x43E;&#x432;: &#x41F;&#x435;&#x442;&#x440;&#x430; I, 1672-1725, &#x41F;&#x435;&#x442;&#x440;&#x430; III, 1715-1730, &#x41F;&#x430;&#x432;&#x43B;&#x430; I, 1754-1801, &#x410;&#x43B;&#x435;&#x43A;&#x441;&#x430;&#x43D;&#x434;&#x440;&#x430; I, 1777-1825, &#x41D;&#x438;&#x43A;&#x43E;&#x43B;&#x430;&#x44F; I, 1796-1855, &#x410;&#x43B;&#x435;&#x43A;&#x441;&#x430;&#x43D;&#x434;&#x440;&#x430; II, 1818-1881 &#x438; &#x438;&#x43C;&#x43F;&#x435;&#x440;&#x430;&#x442;&#x440;&#x438;&#x446; &#x415;&#x43B;&#x438;&#x441;&#x430;&#x432;&#x435;&#x442;&#x44B;, 1709-1761, &#x415;&#x43A;&#x430;&#x442;&#x435;&#x440;&#x438;&#x43D;&#x44B; II, 1729-1796, &#x41C;&#x430;&#x440;&#x438;&#x438; &#x424;&#x435;&#x434;&#x43E;&#x440;&#x43E;&#x432;&#x43D;&#x44B;, 1759-1828, &#x410;&#x43B;&#x435;&#x43A;&#x441;&#x430;&#x43D;&#x434;&#x440;&#x44B; &#x424;&#x435;&#x434;&#x43E;&#x440;&#x43E;&#x432;&#x43D;&#x44B;, 1798-1860, &#x41C;&#x430;&#x440;&#x438;&#x438; &#x410;&#x43B;&#x435;&#x43A;&#x441;&#x430;&#x43D;&#x434;&#x440;&#x43E;&#x432;&#x43D;&#x44B;, 1824-1880</subfield>
  </datafield>
  <datafield tag="210" ind1=" " ind2=" ">
    <subfield code="a">&#x41D;&#x438;&#x436;&#x43D;&#x438;&#x439; &#x41D;&#x43E;&#x432;&#x433;&#x43E;&#x440;&#x43E;&#x434;</subfield>
    <subfield code="c">&#x420;&#x418;&#x41E; "&#x41F;&#x435;&#x433;&#x430;&#x441;"</subfield>
    <subfield code="d">1990</subfield>
  </datafield>
  <datafield tag="215" ind1=" " ind2=" ">
    <subfield code="a">71, [2] &#x441;.</subfield>
    <subfield code="d">21</subfield>
  </datafield>
  <datafield tag="300" ind1=" " ind2=" ">
    <subfield code="a">&#x417;&#x430;&#x433;&#x43B;. &#x43E;&#x431;&#x43B;.: &#x410;&#x43D;&#x435;&#x43A;&#x434;&#x43E;&#x442;&#x44A; &#x441; &#x433;&#x43E;&#x441;&#x443;&#x434;&#x430;&#x440;&#x435;&#x432;&#x430; &#x434;&#x432;&#x43E;&#x440;&#x430;</subfield>
  </datafield>
  <datafield tag="300" ind1=" " ind2=" ">
    <subfield code="a">&#x412; &#x43C;&#x430;&#x43A;&#x435;&#x442;&#x435; &#x433;&#x43E;&#x440;&#x43E;&#x434;.: &#x413;&#x43E;&#x440;&#x44C;&#x43A;&#x438;&#x439; - &#x41D;&#x438;&#x436;&#x43D;&#x438;&#x439; &#x41D;&#x43E;&#x432;&#x433;&#x43E;&#x440;&#x43E;&#x434;</subfield>
  </datafield>
  <datafield tag="300" ind1=" " ind2=" ">
    <subfield code="a">&#x418;&#x437;&#x434;. &#x43D;&#x430; &#x441;&#x440;&#x435;&#x434;&#x441;&#x442;&#x432;&#x430; &#x41B;.&#x41B;. &#x425;&#x432;&#x430;&#x43B;&#x438;&#x43D;&#x430;</subfield>
  </datafield>
  <datafield tag="512" ind1="1" ind2=" ">
    <subfield code="a">&#x410;&#x43D;&#x435;&#x43A;&#x434;&#x43E;&#x442;&#x44A; &#x441; &#x433;&#x43E;&#x441;&#x443;&#x434;&#x430;&#x440;&#x435;&#x432;&#x430; &#x434;&#x432;&#x43E;&#x440;&#x430;</subfield>
  </datafield>
  <datafield tag="517" ind1="0" ind2=" ">
    <subfield code="a">150 &#x438;&#x441;&#x442;&#x43E;&#x440;&#x438;&#x447;&#x435;&#x441;&#x43A;&#x438;&#x445; &#x430;&#x43D;&#x435;&#x43A;&#x434;&#x43E;&#x442;&#x43E;&#x432; &#x438;&#x437; &#x436;&#x438;&#x437;&#x43D;&#x438; &#x440;&#x443;&#x441;&#x441;&#x43A;&#x438;&#x445; &#x433;&#x43E;&#x441;&#x443;&#x434;&#x430;&#x440;&#x435;&#x439; XVII-XIX &#x432;&#x435;&#x43A;&#x43E;&#x432;</subfield>
  </datafield>
  <datafield tag="607" ind1=" " ind2=" ">
    <subfield code="a">&#x420;&#x43E;&#x441;&#x441;&#x438;&#x44F;</subfield>
    <subfield code="x">&#x418;&#x441;&#x442;&#x43E;&#x440;&#x438;&#x44F;</subfield>
    <subfield code="x">&#x410;&#x43D;&#x435;&#x43A;&#x434;&#x43E;&#x442;&#x44B;</subfield>
    <subfield code="9">2364650</subfield>
    <subfield code="3">RU\NLR\auth\661411799</subfield>
  </datafield>
  <datafield tag="686" ind1=" " ind2=" ">
    <subfield code="a">&#x422;3(2)0,02</subfield>
  </datafield>
  <datafield tag="801" ind1=" " ind2="0">
    <subfield code="a">RU</subfield>
    <subfield code="b">NLR</subfield>
    <subfield code="c">20120716</subfield>
    <subfield code="g">RCR</subfield>
  </datafield>
  <datafield tag="801" ind1=" " ind2="1">
    <subfield code="a">RU</subfield>
    <subfield code="b">NLR</subfield>
    <subfield code="c">20120716</subfield>
  </datafield>
  <datafield tag="942" ind1=" " ind2=" ">
    <subfield code="c">BOOK</subfield>
  </datafield>
  <datafield tag="980" ind1=" " ind2=" ">
    <subfield code="a">NB</subfield>
  </datafield>
  <datafield tag="995" ind1=" " ind2=" ">
    <subfield code="5">2012-07-16</subfield>
    <subfield code="a">ab</subfield>
    <subfield code="b">NLR01</subfield>
    <subfield code="c">NLR01</subfield>
    <subfield code="e">RF8</subfield>
    <subfield code="f">3692056</subfield>
    <subfield code="k">2012-4/6491</subfield>
    <subfield code="o">0</subfield>
    <subfield code="r">BOOK</subfield>
    <subfield code="s">201246491_</subfield>
  </datafield>
</record>
